• 首页
  • 本馆介绍
  • 公告通知
  • 最新文献
  • 馆藏检索
  • 电子资源
  • 读者导购
  • 参考咨询
  • 我的图书馆
  • 登录
  • 详细信息显示
  • 放入我的书架
  • 预约/预借图书
  • 作者相关作品
  • 分类相关作品
  • 丛书相关作品
  • 出版社相关作品

书目信息

  • 表格格式
  • 工作单格式
  • 卡片格式
题名:
欧洲
    
 
作者: 邸香平 , 州长治 主编
分册:  
出版信息: 北京   中国地图出版社  2004
页数: 159页
开本: 21cm
丛书名: 世界知识丛书
单 册:
中图分类: K95
科图分类:
主题词:
电子资源:
ISBN: 7-5031-3372-4
000 00805oam2 2200265 450
001 002662922
005 20061031171540.60
010    @a7-5031-3372-4@dCNY15.00
100    @a20040614d2004 em y0chiy0110 ea
101 0  @achi
102    @aCN@b110000
105    @aab z 000yy
200 1  @a欧洲@9ou zhou@f邸香平,州长治主编
210    @a北京@c中国地图出版社@d2004
215    @a159页@c图,地图@d21cm
225 2  @a世界知识丛书
330    @a本书以文字、地图、图片结合的形式,介绍欧洲各国的自然地理、人口、民族、政治、经济和人民生活、民风民俗及重要城市名胜等。
461  0 @12001 @a世界知识丛书
607    @a欧洲@x概况
607    @a欧洲
690    @aK95@v4
701  0 @a邸香平@9di xiang ping@4主编
701  0 @a州长治@9zhou chang zhi@4主编
801  0 @aCN@bNLC@c20061031
905    @a10447@dK95@e100
    
    欧洲/邸香平,州长治主编.-北京:中国地图出版社,2004
    159页:图,地图;21cm.-(世界知识丛书)
    
    
    ISBN 7-5031-3372-4:CNY15.00
    本书以文字、地图、图片结合的形式,介绍欧洲各国的自然地理、人口、民族、政治、经济和人民生活、民风民俗及重要城市名胜等。
●
相关链接 在E读中查询图书 在五车中查询图书 在当当中查询图书 在豆瓣中查询图书


正题名:欧洲     索取号:K95/100         预约/预借

序号 登录号 条形码 馆藏地/架位号 状态 备注
1 0386523   203865237   第二样本阅览室/ [索取号:K95/100] 在馆    
2 0386524   203865246   第二借阅区/ [索取号:K95/100] 在馆    
3 0386525   203865255   第二借阅区/ [索取号:K95/100] 在馆    
4 0386526   203865264   第二借阅区/ [索取号:K95/100] 在馆    
5 0386527   203865273   第二借阅区/ [索取号:K95/100] 在馆    
唐山师范学院图书馆 欢迎您!
大连网信软件有限公司© 版权所有